000 008820000a22002530004500
090 _aAR
_b00157
245 1 0 _aListado de lepidoptero faunístico de la sierra de Atoyac de Alvarez en el estado de Guerrero: notas acerca de su distribución local y estacional (<Rhopalocera: Papilionoidea>)
650 1 4 _aInsectos
_992622
650 1 4 _aMariposas
_993025
650 1 4 _aTaxonomía animal
_98245
650 1 4 _aSistemática animal
_992968
650 1 4 _aBiogeografía
_992747
651 4 _lSierra de Atoyac
_mGuerrero
_pMéxico
_992749
653 _fPapilionoidea
653 _fPieridae
653 _fNymphalidae
653 _fLycaenidae
041 0 _aEspañol
700 1 _aLlorente Bousquets, Jorge E.
_912040
700 1 _aLuis Martínez, Armando
_912044
100 1 _aVargas Fernández, Isabel
_912043
942 _cARTICULO
773 1 _tFolia Entomológica
_373
_h8
_q41-178
_d1992
999 _c9258
_d9258